Normal view
MARC view
Entry Personal Name
001 - CONTROL NUMBER
- control field: 85759
003 - CONTROL NUMBER IDENTIFIER
- control field: dpl
005 - DATE AND TIME OF LATEST TRANSACTION
- control field: 20251126155520.0
008 - FIXED-LENGTH DATA ELEMENTS
- fixed length control field: 251126|| aca||aabn | a|a d
040 ## - CATALOGING SOURCE
- Original cataloging agency: dpl
- Transcribing agency: dpl
100 ## - HEADING--PERSONAL NAME
- Personal name: Biala, Rajinder
670 ## - SOURCE DATA FOUND
- Source citation: Work cat.: (dpl)209488: Biala, Rajinder, Shanta:, 2025
